Normal view
MARC view
- WIRELESS COMMUNICATION SYSTEMS, ELECTROMAGNETIC INTERFERENCE.CELLULAR TELEPHONE SYSTEMS-PROTECTION
Entry Topical Term
001 - CONTROL NUMBER
- control field: 68207
003 - CONTROL NUMBER IDENTIFIER
- control field: NUST
005 - DATE AND TIME OF LATEST TRANSACTION
- control field: 20210628204013.0
008 - FIXED-LENGTH DATA ELEMENTS
- fixed length control field: 210628|| aca||aabn | a|a d
040 ## - CATALOGING SOURCE
- Original cataloging agency: NUST
- Transcribing agency: NUST
150 ## - HEADING--TOPICAL TERM
- Topical term or geographic name entry element: WIRELESS COMMUNICATION SYSTEMS, ELECTROMAGNETIC INTERFERENCE.CELLULAR TELEPHONE SYSTEMS-PROTECTION
670 ## - SOURCE DATA FOUND
- Source citation: Work cat.: (NUST): Stavroulakis, Peter 61548, Interference analysis and reduction for wireless systms, 2003
